00908nam a22002537a 4500003000400000005001700004008004100021020003000062040003100092050001600123100002500139245011500164260003200279300004500311336002400356337002800380338002500408504005100433650002400484650004100508650004900549700002800598700002800626OSt20250602114146.0250602b |||||||| |||| 00| 0 eng d a9781849201797 (paperback) aNUSTbengcNUSTdNUSTerda a HV40.5 MAT aMathews, IaneAuthor aYour social work practice placement : b from start to finish /c Ian Mathews Diane Sipson and Karin Crawford. aLos Angles :bSAGE, c2014. axi, 203 pages :bIllustrations ;c23 cm. 2rdamediaatextbtxt 2rdamediaaunmediatedbn 2rdamediaavolumebnc aIncludes bibliographical references and index. vSocial sciences . vSocial problems and social services. vSocial problems and services  social Work. aSimpson, Diane eAuthor aCrawford, KarineAuthor